Central Library OPAC University of Rajshahi

The Greek genius and its meaning to us / (Record no. 21849)

MARC details
000 -LEADER
fixed length control field 00955nam a22003131 4500
001 - CONTROL NUMBER
control field 21849
003 - CONTROL NUMBER IDENTIFIER
rucl marc code BD-RjUL
005 - DATE AND TIME OF LATEST TRANSACTION
control field 20211209000733.0
008 - FIXED-LENGTH DATA ELEMENTS--GENERAL INFORMATION
fixed length control field 790925s1915 enk 000 0 eng
035 ## - SYSTEM CONTROL NUMBER
System control number MITb10540303
System control number (BD-RjUL)21914
System control number (BD-RjUL)21914
040 ## - CATALOGING SOURCE
Original cataloging agency DLC
Transcribing agency DLC
Modifying agency m.c.
-- BD-RjUL
Language of cataloging eng
041 ## - LANGUAGE CODE
Language code of text/sound track or separate title eng
082 ## - DEWEY DECIMAL CLASSIFICATION NUMBER
Classification number 880.23
Author mark and year LIG 1915
090 ## - LOCALLY ASSIGNED LC-TYPE CALL NUMBER (OCLC); LOCAL CALL NUMBER (OCLC)
Classification number (OCLC) (R) ; Classification number, CALL (RLIN) (NR) DF77
Local cutter number (OCLC) ; Book number/undivided call number, CALL (RLIN) .L5 1915x
099 ## - LOCAL FREE-TEXT CALL NUMBER (OCLC)
Bangla Class number DF77.L5 1915x
100 1# - MAIN ENTRY--PERSONAL NAME
Personal name Livingstone, R. W.
Dates associated with a name 1880-1960.
Fuller form of name Richard Winn Livingstone.
9 (RLIN) 67458
245 14 - TITLE STATEMENT
Title The Greek genius and its meaning to us /
Statement of responsibility, etc. by R. W. Livingstone .
250 ## - EDITION STATEMENT
Edition statement 2d ed.
260 ## - PUBLICATION, DISTRIBUTION, ETC. (IMPRINT)
Place of publication, distribution, etc. London,
Name of publisher, distributor, etc. Oxford University Press,
Date of publication, distribution, etc. 1915.
300 ## - PHYSICAL DESCRIPTION
Pagination 250 p. :
Size 24 cm.
650 #0 - SUBJECT ADDED ENTRY--TOPICAL TERM
Topical term or geographic name as entry element Greek literature
General subdivision History and criticism.
9 (RLIN) 67459
651 #0 - SUBJECT ADDED ENTRY--GEOGRAPHIC NAME
Geographic name Greece
General subdivision Civilization
Chronological subdivision To 146 B.C.
9 (RLIN) 66690
942 ## - ADDED ENTRY ELEMENTS (KOHA)
Source of classification or shelving scheme Dewey Decimal Classification
Koha item type Books
949 ## - LOCAL PROCESSING INFORMATION (OCLC)
a MYGW
b 39080006752486
Holdings
Lost status Source of classification or shelving scheme Damaged status Not for loan Collection code Permanent Location Current Location Shelving location Date acquired Source of acquisition Cost, normal purchase price Total Checkouts Full call number Date last seen Copy number Koha item type
  Dewey Decimal Classification   Added to bundle Non-fiction Central Library, University of Rajshahi Central Library, University of Rajshahi Reading Room 21/06/1955 O.U.P 5.10   880.23 LIG 1915 05/03/2014 C-1 Books
  Dewey Decimal Classification     Non-fiction Central Library, University of Rajshahi Central Library, University of Rajshahi   16/11/1957 Oxford University Press 10.20   880.23 LIG 1949 05/03/2014 C-2 Books